000 00282nam a22001337a 4500
008 170927b xxu||||| |||| 00| 0 eng d
020 _a9780194723008
041 _aeng
080 _a37
100 _a47
101 _aEDU
245 _aCREATING MEANING
_cBLASS,L
942 _2udc
_cBK
999 _c30257
_d30257